00279nam a2200121Ia 4500008004100000041000900041082001500050100002500065245001100090260004000101300000800141650000800149230718s9999 xx 000 0 und d aEng. a340bSAE-P aSaeed, Malik. M (ed) 0aP. L.D aPakistanbAll Paluiston legalc1998 a439 aLaw